00694nam a2200181 a 450000100100000000500170001000800410002704000250006808200210009310000210011424501010013526000340023630000280027065100530029865100510035165100540040271000560045600001417920200929163516.0091207s1968 au a 001 0 spa d aDO-SdBNPbspacBNPHU a330.97293bT153r1 aTamames, Ramón13aLa República Dominicana y la integración económica de América Latina /cRamón Tamames. aBuenos Aires :bINTAL,c1968. a269 p. :bil. ;c24 cm. 4aRepública DominicanaxCondiciones Económicas 4aRepública DominicanaxPolítica Económica 4aRepública DominicanaxIntegración Económica2 aInstituto para la Integración de América Latina